000 00818nam a2200289 i 4500
003 DO-SdBNP
005 20231017093657.0
006 a||||gr|||| 00| 0
007 ta
008 231009e2017 sp ac||| |||| 00| 1 spa d
020 _a9788416160952
040 _aDO-SdBNP
_bspa
_cBNPHU
_erda
082 4 _bD111L
_222
100 1 _aDa Vinci, Leonardo
_eautor
_984417
245 1 0 _aEl libro del agua /
_cLeonardo Da Vinci ;
264 1 _aMadrid :
_bAbada Editores,
_c2017
300 _a260 páginas :
_bIlustraciones ;
_c23 cm
336 _2rdacontent
_atexto
_btxt
337 _2rdamedia
_asin medición
_bn
338 _2rdacarrier
_avolumen
_bnc
490 _aClásicos ;
_vCivilizaciones y culturas
590 _aInventariado 2023 /DG
700 _984432
700 _984433
910 _aDG
942 _2ddc
_cLBS1
999 _c55176
_d55176